[Event "GER-ch Youth U14 2020"]
[Site "Willingen"]
[Date "2020.10.21"]
[Round "3.4"]
[White "Halabi, Ibrahim"]
[Black "Kort, Felix"]
[Result "1-0"]
[WhiteElo "1895"]
[BlackElo "1823"]
[Annotator "NA RC"]
[PlyCount "131"]
[EventDate "2020.10.20"]
[EventType "swiss"]
[EventRounds "7"]
[EventCountry "GER"]
[SourceTitle "playchess.com"]
[Source "ChessBase"]
[SourceQuality "1"]
[TimeControl "40/5400+30:1800+30"]

1. e4 {[%emt 0:00:00]} e5 {[%emt 0:00:00]} 2. Nf3 {[%emt 0:00:00]} Nc6 {[%emt 0:00:00]} 3. Bc4 {[%emt 0:00:00]} Bc5 {[%emt 0:00:00]} 4. d3 {[%emt 0:00:23]} Nf6 {[%emt 0:00:00]} 5. Nbd2 {[%emt 0:00:07]} O-O {[%emt 0:00:29]} 6. O-O {[%emt 0:00:39]} d6 7. c3 {[%emt 0:00:30]} a5 {[%emt 0:01:58] C54: Giuoco Piano: 4 c3 Nf6, main lines with 5 d4 and 5 d3.} 8. h3 {[%emt 0:00:44]} Be6 {[%emt 0:00:55]} 9. a4 {[%emt 0:06:36]} Ne7 {[%emt 0:05:55] [#]} 10. d4 $146 {[%emt 0:07:56]} ({Predecessor:} 10. Bxe6 fxe6 11. Qb3 Qc8 12. Re1 Nd7 13. Qxe6+ Rf7 14. d4 Ra6 15. Ng5 Qe8 16. Nxf7 Qxf7 17. Qxd7 {1-0 (29) Park,S (1793)-Faulks,R Batumi 2018}) 10... exd4 {[%emt 0:05:00]} 11. cxd4 {[%emt 0:01:07]} Bb4 {[%emt 0:01:11]} 12. Qc2 {[%emt 0:10:19]} Ng6 {[%emt 0:06:49]} 13. d5 {[%emt 0:07:25]} Bd7 {[%emt 0:02:10]} 14. Nb3 {[%emt 0:02:03]} Qe8 {[%emt 0:11:32]} 15. Nbd2 {[%emt 0:06:44]} Ne5 {[%emt 0:05:06]} ({Better is} 15... Qc8 $15 16. Nd4 Re8) 16. Nxe5 {[%emt 0:01:19]} Qxe5 {[%emt 0:02:18]} 17. Bd3 {[%emt 0:08:49]} Bc5 {[%emt 0:04:09]} 18. Nc4 $1 {[%emt 0:06:17]} Qh5 {[%emt 0:14:20]} 19. Be3 {[%emt 0:02:50]} Bxe3 {[%emt 0:02:45]} 20. Nxe3 {[%emt 0:00:44]} c6 {[%emt 0:06:34]} 21. Qb3 {[%emt 0:03:20]} Rab8 {[%emt 0:08:41]} 22. Qb6 {[%emt 0:07:33]} Rfc8 {[%emt 0:03:36]} ({Better is} 22... Rfe8 $11) 23. Qxa5 {[%emt 0:11:34]} b6 {[%emt 0:00:40]} 24. Qb4 {[%emt 0:02:04]} cxd5 {[%emt 0:02:06]} 25. exd5 {[%emt 0:02:11]} Rc5 {[%emt 0:02:49]} (25... Nxd5 $16 {might work better.} 26. Bxh7+ {[%mdl 64] Decoy} (26. Qxd6 Nxe3 27. fxe3 Be6 $16) 26... Kxh7 27. Qe4+ {[%mdl 64] Double Attack} Qg6 28. Qh4+ (28. Qxd5 Rc5 $14) 28... Qh6 29. Qxh6+ Kxh6) 26. Rfc1 {[%emt 0:04:27]} Nxd5 {[%emt 0:02:26]} 27. Rxc5 {[%emt 0:01:43]} (27. Nxd5 $16 Qxd5 28. Rd1) 27... dxc5 {[%emt 0:00:40]} 28. Qe4 {[%emt 0:03:50]} Nxe3 {[%emt 0:01:32]} 29. Qxe3 {[%emt 0:00:30]} Re8 {[%emt 0:02:29]} 30. Qf4 {[%emt 0:02:44]} Qe5 {[%emt 0:03:01]} 31. Qxe5 {[%emt 0:00:55]} Rxe5 {[%emt 0:00:02]} 32. a5 {[%emt 0:00:10]} b5 $2 {[%emt 0:01:34]} (32... bxa5 $11 33. Rxa5 g6) 33. a6 {[%emt 0:00:34]} Bc6 {[%emt 0:01:34]} 34. a7 {[%emt 0:01:08]} Ba8 {[%emt 0:01:10]} 35. Bxb5 {[%emt 0:00:30]} Kf8 {[%emt 0:02:46]} 36. Rd1 {[%emt 0:00:47]} Rd5 {[%emt 0:00:38]} 37. Re1 {[%emt 0:00:56]} Rd8 {[%emt 0:00:24]} 38. Rc1 {[%emt 0:02:34]} Rc8 {[%emt 0:00:24]} 39. b4 {[%emt 0:00:48]} Rc7 {[%emt 0:01:04]} 40. Re1 {[%emt 0:01:57]} Re7 {[%emt 0:00:20]} 41. Rxe7 {[%emt 0:31:42]} Kxe7 {[%emt 0:30:21]} 42. bxc5 {[%emt 0:00:10]} Kd8 {[%emt 0:00:19]} 43. f3 {[%emt 0:01:02]} Kc7 {[%emt 0:00:25]} 44. Bd3 {[%emt 0:00:19]} Bd5 {[%emt 0:00:00]} 45. Kf2 $18 {[%emt 0:00:00]} Kb7 {[%emt 0:00:00]} 46. Be4 {[%emt 0:00:00]} Bxe4 {[%emt 0:00:00]} 47. fxe4 {[%emt 0:00:00]} Kxa7 {[%emt 0:00:00]} 48. Ke3 {[%emt 0:00:00]} Kb7 {[%emt 0:00:00]} 49. Kd4 {[%emt 0:00:00]} Kc6 {[%emt 0:00:00]} 50. Kc4 {[%emt 0:00:00]} g6 {[%emt 0:00:00]} 51. g3 {[%emt 0:00:00]} f5 {[%emt 0:00:00]} 52. exf5 {[%emt 0:00:00]} gxf5 {[%emt 0:00:00]} 53. Kd4 {[%emt 0:00:00]} h5 {[%emt 0:00:00]} 54. h4 {[%emt 0:00:00]} Kd7 {[%emt 0:00:00]} 55. Ke5 {[%emt 0:00:00]} Kc6 {[%emt 0:00:00]} 56. Kxf5 {[%emt 0:00:00]} Kxc5 {[%emt 0:00:00]} 57. Kg5 {[%emt 0:00:00]} Kd6 58. Kxh5 {[%emt 0:00:00]} Ke7 {[%emt 0:00:00]} 59. g4 {[%emt 0:00:00]} Kf8 {[%emt 0:00:00]} 60. g5 {[%emt 0:00:00]} Kg8 {[%emt 0:00:00]} 61. g6 {[%emt 0:00:00]} Kg7 {[%emt 0:00:00]} 62. Kg5 {[%emt 0:00:00]} Kg8 {[%emt 0:00:00]} 63. h5 {[%emt 0:00:00]} Kg7 {[%emt 0:01:06]} 64. h6+ {[%emt 0:00:00]} Kf8 {[%emt 0:00:58]} 65. Kf6 {[%emt 0:00:00]} Kg8 {[%emt 0:00:10]} 66. h7+ {[%emt 0:00:00]} 1-0

[Event "GER-ch Youth U14 2020"]
[Site "Willingen"]
[Date "2020.10.21"]
[Round "3.5"]
[White "Eilenberg, Jonas"]
[Black "Schubert, Nikita"]
[Result "1-0"]
[WhiteElo "2242"]
[BlackElo "1946"]
[Annotator "TA"]
[PlyCount "49"]
[EventDate "2020.10.20"]
[EventType "swiss"]
[EventRounds "7"]
[EventCountry "GER"]
[SourceTitle "playchess.com"]
[Source "ChessBase"]
[SourceQuality "1"]

{[%evp 13,49,0,0,0,0,0,25,25,18,39,59,62,47,44,54,55,57,42,40,60,101,75,245,256,258,248,685,154,667,683,695,665,651,645,741,755,686,718]} 1. d4 Nf6 2. c4 e6 3. Nc3 Bb4 4. Bd2 O-O 5. e3 d5 6. Nf3 b6 7. cxd5 exd5 8. Rc1 {E51: Nimzo-Indian: Rubinstein: 4...0-0 5 Nf3 d5.} Bb7 9. Bd3 a6 {9...Be7 gains popularity.} 10. Ne5 {White has an edge.} Bd6 11. f4 Ne4 12. Nxe4 dxe4 13. Bc4 Nd7 14. O-O Qe7 15. Be1 {[#]} b5 $146 ({Predecessor:} 15... Rad8 16. Nxd7 Rxd7 17. Qg4 Kh8 18. f5 f6 19. Bg3 Bxg3 20. Qxg3 Qd6 21. Be6 Qxg3 22. hxg3 {½-½ (68) Rakotomaharo,F (2433)-Baron,T (2529) Caleta 2020}) 16. Bb3 Nb6 17. Qh5 {Strongly threatening f5.} Bxe5 $2 (17... Bd5 $16 {was necessary.}) 18. fxe5 $18 {Bh4 is the strong threat.} ({Don't take} 18. dxe5 $6 Bd5 $16) 18... Bd5 19. Bh4 Qe6 $2 {[#]} (19... f6 20. exf6 Qf7) 20. Rf6 $2 (20. Bf6 $1 $18 {[%mdl 512] and the rest is easy. White wants to mate with Qg5!} h6 {[#]} (20... gxf6 21. exf6) 21. Bxg7 $1 {[%mdl 576] Remove Defender, Clearance}) 20... gxf6 $2 (20... Bxb3 $16 21. Rxe6 Bxe6) 21. Bxf6 {[%cal Rh5g5] White is clearly winning.} Rfc8 22. Bd1 {Qh6 would kill now.} Kf8 23. Bg4 {[%mdl 64] Skewer} Ke8 24. Bxe6 Bxe6 25. Qxh7 {White took control after the opening. Av CentiPawn Loss W=-27/B=-71. Weighted=-92/-77} 1-0

[Event "GER-ch Youth U14 2020"]
[Site "Willingen"]
[Date "2020.10.21"]
[Round "3.6"]
[White "Hommer, Jeremy"]
[Black "Costa, Leonardo"]
[Result "0-1"]
[WhiteElo "2246"]
[BlackElo "2165"]
[Annotator "TA"]
[PlyCount "99"]
[EventDate "2020.10.20"]
[EventType "swiss"]
[EventRounds "7"]
[EventCountry "GER"]
[SourceTitle "playchess.com"]
[Source "ChessBase"]
[SourceQuality "1"]

{[%evp 14,99,23,22,26,-2,53,-23,-29,-20,35,34,35,32,37,36,60,59,62,0,0,0,0,0,0,-22,-12,-9,9,14,8,0,0,-25,-13,-16,-6,-59,-54,-66,-69,-145,-141,-143,-137,-124,-129,-374,-382,-375,-372,-377,-369,-347,-210,-237,-235,-239,-239,-223,-224,-248,-245,-223,-216,-208,-208,-262,-247,-247,-170,-687,-566,-6218,-2505,-6146,-5502,-6199,-6207,-3651,-3391,-2731,-2137,-29982,-12845,-29983,-29984,-29983]} 1. e4 e5 2. Nf3 Nc6 3. Bc4 Bc5 4. c3 Nf6 5. d3 d6 6. O-O a6 7. Bb3 {7.a4 is more advanced technology. Played by Ian Nepomniachtchi in August 2020.} Ba7 8. Nbd2 h6 {C54: Giuoco Piano: 4 c3 Nf6, main lines with 5 d4 and 5 d3.} 9. Nc4 g5 (9... b5 $11 10. Ne3 O-O) 10. Re1 (10. Be3 $14) 10... g4 $11 {Black has an edge.} 11. Nfd2 Nh5 (11... h5 $11) 12. Nf1 $14 Qf6 13. Be3 Nf4 14. Bxa7 Rxa7 15. Nce3 Ne7 {[#]} 16. Nd5 $146 ({Better is} 16. d4 $14) ({Predecessor:} 16. d4 h5 17. Nd5 Nexd5 18. exd5 O-O 19. Ng3 Ra8 20. Qd2 Bd7 21. dxe5 dxe5 22. Ne4 {½-½ (55) Hort,V (2590)-Bastian,H (2335) Germany 1988}) 16... Nexd5 $11 17. exd5 Qg5 18. d4 {[#] Threatens to win with dxe5.} f6 $1 19. Re3 O-O 20. c4 Bf5 21. Ng3 Bg6 22. c5 Raa8 {[%cal Ba7a8,Ba8c8,Bc8c2][%mdl 32]} 23. Bc4 Kh8 24. dxe5 fxe5 25. cxd6 ({White should try} 25. Qb3 $11) 25... cxd6 $15 26. Bf1 Rac8 27. Ne2 (27. Rc3 $15) 27... Rc2 $17 28. Nxf4 Qxf4 29. Re2 Rfc8 $36 {[%mdl 2048] Black is in control.} 30. Qe1 $2 {Loses the game.} (30. g3 $17 Qf3 31. Qe1) 30... Rc1 $19 31. Rxc1 Rxc1 32. Qd2 Qxd2 33. Rxd2 {[%mdl 4096] Endgame KRB-KRB} Be4 34. f3 gxf3 35. gxf3 Bxf3 {aiming for ...e4.} 36. Kf2 Be4 37. Bh3 a5 38. Ke3 Rc2 39. Rxc2 Bxc2 {KB-KB} 40. Kd2 Be4 41. Be6 Kg7 42. Kc3 $2 (42. Ke3 Bh1 43. Kd3) 42... Kf6 43. Kc4 Bf5 44. Bg8 Kg7 45. Be6 Bxe6 46. dxe6 e4 47. Kd4 {[#]} d5 $1 {[%mdl 576] Deflection, Promotion} 48. Kxd5 e3 49. e7 Kf7 50. Kd4 {Av CentiPawn Loss W=-64/B=-96. Weighted=-84/-94} 0-1

[Event "GER-ch Youth U14 2020"]
[Site "Willingen"]
[Date "2020.10.21"]
[Round "3.7"]
[White "Bungarten, Jona"]
[Black "Hecht, Jonas Christian"]
[Result "0-1"]
[WhiteElo "1834"]
[BlackElo "1764"]
[Annotator "NA RC"]
[PlyCount "84"]
[EventDate "2020.10.20"]
[EventType "swiss"]
[EventRounds "7"]
[EventCountry "GER"]
[SourceTitle "playchess.com"]
[Source "ChessBase"]
[SourceQuality "1"]
[TimeControl "40/5400+30:1800+30"]

1. e4 {[%emt 0:00:00]} c5 {[%emt 0:00:00]} 2. d4 {[%emt 0:00:00]} cxd4 {[%emt 0:00:00]} 3. c3 {[%emt 0:00:00]} dxc3 {[%emt 0:00:00]} 4. Nxc3 {[%emt 0:00:00]} e6 {[%emt 0:00:00]} 5. Nf3 {[%emt 0:00:06]} Nc6 {[%emt 0:00:04]} 6. Bc4 {[%emt 0:00:07]} a6 {[%emt 0:00:08]} 7. O-O {[%emt 0:00:08]} Nge7 {[%emt 0:00:14]} 8. Bg5 {[%emt 0:00:07]} h6 {[%emt 0:00:05] is now more promising than 8...f6. B21: Sicilian: 2 f4 and Morra Gambit.} 9. Be3 {[%emt 0:00:05]} Ng6 {[%emt 0:00:11]} 10. Bb3 {[%emt 0:00:23]} Be7 {[%emt 0:00:53]} 11. Na4 {[%emt 0:03:30] [#]} O-O $146 {[%emt 0:02:58]} ({Predecessor:} 11... d6 12. Nb6 Rb8 13. Rc1 O-O 14. Ba4 Bd7 15. Nd4 Nge5 16. Nxd7 Qxd7 17. f4 b5 18. fxe5 Nxd4 19. Qxd4 bxa4 {0-1 (75) Mayerhofer,P (2160)-Schnider,G (2425) Austria 2019}) 12. Nb6 {[%emt 0:02:48]} Rb8 {[%emt 0:00:32]} 13. Qe2 {[%emt 0:01:47]} d6 {[%emt 0:04:36]} 14. Rfd1 {[%emt 0:01:22]} Bd7 {[%emt 0:02:04]} 15. Rac1 {[%emt 0:08:15]} Nge5 {[%emt 0:02:11]} 16. Nxe5 {[%emt 0:00:53]} Nxe5 {[%emt 0:00:22]} 17. f4 {[%emt 0:01:05]} Bb5 {[%emt 0:00:52]} 18. Qc2 {[%emt 0:04:36]} Nd7 {[%emt 0:06:37]} 19. Qf2 {[%emt 0:03:56]} Bc6 {[%emt 0:11:58]} 20. Nxd7 {[%emt 0:02:17]} Qxd7 {[%emt 0:00:38]} 21. e5 {[%emt 0:00:09]} d5 {[%emt 0:00:59]} 22. Bc2 {[%emt 0:00:22]} f5 {[%emt 0:06:44]} 23. exf6 $1 {[%emt 0:00:58]} Bxf6 {[%emt 0:02:12]} 24. Qg3 {[%emt 0:02:12]} Qe8 {[%emt 0:11:58]} 25. Ba7 {[%emt 0:04:45]} Rc8 {[%emt 0:03:49]} 26. Qd3 {[%emt 0:05:28]} g6 $1 {[%emt 0:03:50]} 27. Qg3 {[%emt 0:05:11]} Kh7 {[%emt 0:02:33]} 28. Bc5 {[%emt 0:07:00]} Rg8 {[%emt 0:01:22]} 29. Be3 {[%emt 0:06:01]} Bxb2 {[%emt 0:03:50]} 30. Rb1 {[%emt 0:00:12]} Bf6 {[%emt 0:00:39]} 31. Qh3 {[%emt 0:03:40]} Bg7 {[%emt 0:03:01]} 32. Re1 {[%emt 0:02:04]} Bb5 {[%emt 0:03:47]} 33. Bd1 {[%emt 0:01:58]} Rc3 {[%emt 0:03:27]} 34. Rb3 {[%emt 0:03:09]} Qc6 {[%emt 0:02:19]} 35. Qg4 {[%emt 0:01:24]} Rxb3 {[%emt 0:04:07]} 36. Bxb3 {[%emt 0:00:13]} Qc3 {[%emt 0:00:15]} 37. Bf2 {[%emt 0:00:58]} Bd7 {[%emt 0:04:11]} 38. Bxd5 $19 {[%emt 0:02:01]} (38. Qd1) 38... Bd4 {[%emt 0:02:24]} 39. Rf1 {[%emt 0:00:26]} Bxf2+ {[%emt 0:00:45]} 40. Rxf2 {[%emt 0:00:08]} Qa1+ {[%emt 0:00:02]} 41. Rf1 {[%emt 0:30:21]} Qd4+ {[%emt 0:30:06]} 42. Kh1 Qxd5 {[%emt 0:00:21]} 0-1

[Event "GER-ch Youth U14 2020"]
[Site "Willingen"]
[Date "2020.10.21"]
[Round "3.8"]
[White "Klühs, Gustaf"]
[Black "Haack, Kevin"]
[Result "1/2-1/2"]
[WhiteElo "1827"]
[BlackElo "2209"]
[Annotator "TA"]
[PlyCount "140"]
[EventDate "2020.10.20"]
[EventType "swiss"]
[EventRounds "7"]
[EventCountry "GER"]
[SourceTitle "playchess.com"]
[Source "ChessBase"]
[SourceQuality "1"]

{[%evp 17,140,4,4,4,14,15,19,19,22,25,21,17,25,-11,-3,-9,0,-69,-27,-57,-29,-31,-10,-75,-70,-76,-87,-87,-90,-103,-62,-57,-14,-61,-66,-58,-71,-71,64,-64,-52,-75,40,-17,0,-70,-70,-64,-70,-63,-70,-69,-63,-66,0,0,0,0,0,-86,-73,-139,0,0,0,0,32,16,14,-63,-63,-89,-89,-89,-89,-104,-102,-99,-104,-89,-89,-89,-16,-16,-16,-16,-16,-18,-8,-8,-8,-8,-8,-8,-8,-9,-8,-44,-9,-9,-16,-44,0,0,0,0,0,0,0,0,0,0,0,0,0,0,0,0,0,0,0,0,0,0,0]} 1. d4 d5 2. c4 e6 3. Nf3 Nf6 4. g3 Be7 5. Bg2 O-O 6. O-O c6 7. Nbd2 b6 8. Qc2 Bb7 9. e4 Na6 10. cxd5 {[#] E06: Closed Catalan: Early deviations.} exd5 $146 {White must now prevent ...Nb4.} ({Predecessor:} 10... cxd5 11. e5 Ne4 12. a3 Qd7 13. Ne1 Rac8 14. Qd1 Nxd2 15. Bxd2 Nb8 16. f4 Ba6 17. Rf2 Nc6 {1-0 (39) Nyzhnyk,I (2665)-Sumets,A (2546) ICC INT 2020}) 11. e5 Nd7 12. Re1 c5 13. a3 Nc7 14. Nf1 Ne6 15. Be3 Rc8 16. Qd2 Nb8 17. g4 (17. b4 $11) 17... Qd7 18. h3 Rfd8 19. Ng3 g6 20. Rac1 (20. b4 $11) 20... Nc6 $17 21. Ne2 Na5 22. Rc3 Nc4 23. Qc1 Qb5 24. Rc2 Qb3 25. Nd2 (25. Rc3 $5 {[%cal Rc3b3]} Qb5 26. Qc2 $15) 25... Nxd2 26. Qxd2 Ba6 27. Rec1 Bc4 (27... Qd3 $17) 28. f4 (28. Rc3 $14 Qb5 29. Rxc4 dxc4 30. d5) 28... Bxe2 $15 29. Qxe2 Qa4 (29... Rb8 $1 $17 30. f5 (30. dxc5 $2 d4 $19) 30... Nxd4 31. Bxd4 cxd4) 30. Qd2 ({Better is} 30. b4 $14) 30... Rb8 $11 {[%cal Rc5d4]} 31. dxc5 (31. f5 $1 $11 Nxd4 32. Bxd4 Qxd4+ 33. Qxd4 cxd4 34. fxg6) 31... d4 $1 $15 {[%cal Rd4e3]} 32. Bf2 {aiming for c6.} bxc5 33. h4 {Threatening f5.} d3 $36 {[%mdl 2048] Black is pushing.} 34. Rc4 Qb3 35. f5 Nd4 ({Black should play} 35... Qa2 $1 $15 36. fxe6 fxe6) 36. Bxd4 $1 $11 Rxd4 37. Rxd4 cxd4 38. f6 (38. e6 $11 {keeps the balance.} gxf5 39. exf7+ Qxf7 40. Qxd3) 38... Bf8 $17 39. Be4 {[#]} (39. Qf4 $142) 39... Qxb2 (39... Qe6 $1 $17 {[%cal Re6g4]} 40. Qf4 d2) 40. Qxb2 $11 Rxb2 41. Bxd3 $17 {[%mdl 4096] Endgame Threatens to win with Rc7. KRB-KRB} Rd2 42. Bc4 d3 $1 43. Bb3 (43. Rb1 $11 Bc5+ 44. Kh1) 43... Rb2 $15 ({And not} 43... Bxa3 44. Rc8+ Bf8 45. e6 Rd1+ 46. Kg2 h6 47. e7 Kh7 48. exf8=Q Rd2+ 49. Kf3 Rf2+ 50. Kxf2 h5 51. Qh8#) 44. e6 {White threatens Rc8! and mate.} Rxb3 $17 {KRB-KR} 45. e7 Rb8 46. Rd1 {[#]} Bxe7 $1 47. fxe7 {KR-KR} Re8 48. Rxd3 {Hoping for Rd8!} Rxe7 49. Rd4 Rb7 ({Black should try} 49... a5 $17) 50. Ra4 $1 $11 Kf8 51. Kf2 Ke7 52. Kf3 Kd6 53. Kf4 f6 54. Ra6+ Ke7 55. Ke4 Kf7 56. Kf4 Re7 57. Kf3 Kg7 58. Kf4 Rf7 59. Kg3 Kf8 60. Kh3 {The position is equal.} Ke8 61. Kg3 Kd8 62. h5 Kc8 63. hxg6 hxg6 64. Kf4 Kb7 65. Re6 a5 66. Ke3 Rf8 67. Kd4 Rf7 68. Ke3 Ka7 69. Kd4 Rd7+ 70. Kc4 Rf7 {Av CentiPawn Loss W=-14/B=-14. Weighted=-15/-13} 1/2-1/2

[Event "GER-ch Youth U14 2020"]
[Site "Willingen"]
[Date "2020.10.21"]
[Round "3.9"]
[White "Hagner, Bennet"]
[Black "Rempe, Jonas"]
[Result "1/2-1/2"]
[WhiteElo "2080"]
[BlackElo "1925"]
[Annotator "TA"]
[PlyCount "85"]
[EventDate "2020.10.20"]
[EventType "swiss"]
[EventRounds "7"]
[EventCountry "GER"]
[SourceTitle "playchess.com"]
[Source "ChessBase"]
[SourceQuality "1"]

{[%evp 25,85,29,30,37,29,20,26,35,39,39,19,18,16,16,14,3,0,0,30,20,49,0,0,0,0,-13,0,0,0,-81,-12,-45,0,0,4,0,0,0,0,0,0,-45,0,0,0,0,0,0,0,0,0,0,0,0,0,0,0,0,0,0,0,0]} 1. e4 c5 2. Nf3 e6 3. d4 cxd4 4. Nxd4 Nf6 5. Nc3 Nc6 6. Ndb5 d6 7. Bf4 e5 8. Bg5 a6 9. Na3 b5 10. Nd5 Be7 11. Bxf6 Bxf6 12. c3 Bg5 13. Nc2 Ne7 14. h4 {B33: Sicilian: Pelikan and Sveshnikov Variations.} Bh6 15. a4 bxa4 {15...bxa4 has become a bit dusty these days.} 16. Ncb4 {White has an edge.} O-O 17. Rxa4 a5 18. Nxe7+ Qxe7 19. Nd5 Qd8 20. Bc4 Kh8 21. g4 {[#] aiming for g5.} g6 $146 (21... Bf4 $5) ({Predecessor:} 21... f6 22. Rh3 Rb8 23. b3 Bd7 24. Ra2 Re8 25. f3 Be6 26. Qa1 Bxd5 27. Bxd5 Qb6 28. Kf1 Rec8 {½-½ (84) Pace,C (2136)-Tarlabasi,E (1740) Istanbul 2012}) 22. b3 Bg7 23. g5 f5 24. f3 h5 25. Qd2 fxe4 26. fxe4 Bg4 27. Be2 (27. Rf1 $11) 27... Be6 (27... Qd7 $17) 28. Rf1 Rxf1+ 29. Kxf1 Rb8 30. Bc4 Bxd5 31. Bxd5 Qb6 32. Kg2 Rf8 33. Rc4 Rf4 34. Rc8+ {The position is equal.} Bf8 35. Qxf4 {[%mdl 64] [#] Remove Defender} exf4 36. Rxf8+ $11 {[%mdl 4160] Endgame Double Attack. KQ-KRB} Kg7 37. Rf7+ Kh8 38. Rf8+ Kh7 39. Rxf4 Qe3 40. Rf7+ Kh8 41. Rf8+ Kh7 42. Rf7+ Kh8 43. Rf8+ {Av CentiPawn Loss W=-8/B=-7. Weighted=-8/-10} 1/2-1/2

[Event "GER-ch Youth U14 2020"]
[Site "Willingen"]
[Date "2020.10.21"]
[Round "3.10"]
[White "Foerster-Yialamas, Lucas"]
[Black "Fuhrmann, Bahne"]
[Result "1-0"]
[WhiteElo "2033"]
[BlackElo "1816"]
[Annotator "TA"]
[PlyCount "77"]
[EventDate "2020.10.20"]
[EventType "swiss"]
[EventRounds "7"]
[EventCountry "GER"]
[SourceTitle "playchess.com"]
[Source "ChessBase"]
[SourceQuality "1"]

{[%evp 12,77,10,23,52,66,85,82,118,133,132,129,211,201,206,212,208,194,207,191,208,181,197,145,330,329,315,0,0,0,0,0,64,20,16,20,13,-193,134,29,37,45,125,124,181,178,184,187,191,188,180,175,199,179,186,179,277,190,272,189,29987,29987,29993,29994,29994,29991,29991,29992]} 1. e4 e5 2. Nf3 Nc6 3. Bb5 a6 4. Ba4 Nf6 5. O-O Bc5 6. Nxe5 Nxe5 7. d4 Bxd4 {C78: Ruy Lopez: Archangelsk and Möller Defences.} ({Don't go for} 7... Nfg4 $2 8. dxc5 Qe7 9. Qd4 $18) 8. Qxd4 Nc6 9. Bxc6 bxc6 {White is better.} 10. e5 {Bg5 is the strong threat.} Nd5 11. Qg4 {[#]} Ne7 $146 (11... Kf8 $16) ({Predecessor:} 11... d6 12. Qxg7 Rf8 13. Bh6 Bf5 14. Qxf8+ Kd7 15. Qxf7+ {1-0 (15) Prakash,O (1443)-Bozic,D (810) LSS email 2011}) 12. Qxg7 $18 Rg8 13. Qxh7 d5 14. exd6 Qxd6 15. Re1 Be6 {intending ...0-0-0.} 16. Nc3 O-O-O 17. Qd3 ({White should try} 17. Qh5 $18) 17... Qb4 $2 (17... Qxd3 $16 {was worth a try.} 18. cxd3 Nf5) 18. Qxa6+ Kb8 19. Re4 $2 (19. g3 $18) 19... Rd1+ $1 $11 20. Nxd1 {[%cal Re4b4]} Qxe4 {[%csl Gg8][%cal Re4g2]} 21. Ne3 {Threatens to win with Qd3.} Nf5 (21... Bh3 $11 22. g3 Qf3) 22. f3 (22. Qd3 $5 {[%cal Rd3e4]} Qf3 23. Qd8+ Rxd8 24. gxf3 $16) 22... Qxf3 $1 23. Qf1 Qe4 24. Nxf5 $2 (24. Qd3 $1 $11 {and White stays safe.} Qf3 25. Qd8+ Rxd8 26. gxf3) 24... Bxf5 $2 {[#]} (24... Bc4 $1 $19 {( -> ...Rxg2+!)} 25. Ng3 (25. Qf2 $2 {is a self mate.} Rxg2+ {[%mdl 64] Deflection, Back Rank} 26. Qxg2 Qe1+ 27. Qf1 Qxf1#) 25... Rxg3 26. hxg3 (26. Qf2 $2 {gets mated.} Rxg2+ {[%mdl 64] Deflection, Back Rank} 27. Qxg2 Qe1+ 28. Qf1 Qxf1#) 26... Bxf1 27. Kxf1 Qxc2) 25. Qf2 ({White has to play} 25. Bf4 $1 $16) 25... Bh3 $1 {[%cal Rg8g2]} 26. g3 {And now Bf4 would win.} Rg6 (26... Be6 $1 $14 27. Qe3 Qxc2) 27. Bf4 $16 {Black must now prevent Re1.} Re6 (27... Kb7 $16 28. Re1 Qd5) 28. Qb6+ $18 Ka8 {[%csl Gh3][%cal Re4g2] [#]} 29. Qa5+ $1 Kb7 {[%csl Gh3][%cal Re4g2]} 30. Qxc7+ Ka6 {[%csl Gh3][%cal Re4g2]} 31. Qc8+ Kb6 {[%csl Gh3][%cal Re4g2]} 32. Qd8+ Kb7 {[%csl Gh3][%cal Re4g2]} 33. Qd7+ Kb6 (33... Ka6 {is a better defense.} 34. Qd2 Qe2) 34. Qd2 Re7 (34... Ka6 {was called for.} 35. Qf2 Qe2) 35. Rd1 c5 $2 (35... Kb7 $18 36. Qf2 Bg4) 36. Qd6+ {White mates.} Kb5 {[#]} 37. a4+ $1 Qxa4 (37... Kxa4 38. Qa6+) 38. Qxe7 Qxc2 39. Qb7+ {Av CentiPawn Loss W=-30/B=-70. Weighted=-33/-132} 1-0

[Event "GER-ch Youth U14 2020"]
[Site "Willingen"]
[Date "2020.10.21"]
[Round "3.11"]
[White "Ohler, Julius"]
[Black "Schwartz, Oliver"]
[Result "1-0"]
[WhiteElo "2011"]
[BlackElo "1794"]
[Annotator "TA"]
[PlyCount "47"]
[EventDate "2020.10.20"]
[EventType "swiss"]
[EventRounds "7"]
[EventCountry "GER"]
[SourceTitle "playchess.com"]
[Source "ChessBase"]
[SourceQuality "1"]

{[%evp 16,47,34,7,81,75,80,57,85,84,83,71,88,74,106,103,102,50,107,23,110,64,63,59,238,252,233,239,962,963,1191,1082,1077,1064]} 1. c4 Nf6 2. Nc3 g6 3. g3 Bg7 4. Bg2 O-O 5. e4 d6 6. Nge2 c5 7. d3 Nc6 8. O-O e5 9. f4 Ne8 {A36: Symmetrical English vs ...g6: 4 Bg2 Bg7.} (9... exf4 $11 {remains equal.} 10. Bxf4 Ng4) 10. f5 $16 {[#]} Rb8 $146 ({Predecessor:} 10... Nc7 11. h3 Rb8 12. Be3 Nd4 13. g4 b5 14. Qd2 f6 15. Ng3 b4 16. Nce2 gxf5 17. exf5 {1-0 (38) Moreno Ruiz,J (2491)-Cabrera Trujillo,J (2384) El Sauzal 2010}) 11. g4 f6 {White is slightly better.} 12. h4 Nc7 13. Ng3 Nd4 14. Nce2 b5 15. Nxd4 cxd4 16. b3 ({White should try} 16. cxb5 $16 Rxb5 17. b3) 16... Na6 (16... Bd7 $14) 17. g5 (17. cxb5 $16 Rxb5 18. a3) 17... Nc5 (17... bxc4 $11 18. bxc4 Nc5) 18. fxg6 hxg6 19. h5 Qe8 $2 {[#] Loses the game.} ({Black should play} 19... fxg5 $14 20. Rxf8+ (20. hxg6 Rxf1+ 21. Bxf1 g4 $15) 20... Kxf8) 20. hxg6 $1 $18 Qxg6 21. Nf5 {Black must now prevent Ne7+.} Bxf5 $2 (21... Rb7) 22. exf5 {White is clearly winning.} Qh7 23. Bd5+ Kh8 24. g6 {Av CentiPawn Loss W=-23/B=-93. Weighted=-23/-83} 1-0